000 00706nam a2200241Ia 4500
003 OSt
005 20221005084204.0
006 a|||||r|||| 00| 0
007 ta
008 221004b |||||||| |||| 00| 0 eng d
024 _a47750
037 _cTextual
040 _aCRL
_cCRL
_beng
041 _2eng
_aeng
082 _aO111,2J64:gx, L0
245 0 _aShakespeare's contemporaries
_b Modern studies in english renaissance drama edited by Max Bluestone and Norman Rabkin.
250 _a2nd
260 _aNew Jersey
_bPrentice-Hall INC
_c1970
300 _a411p.
_ccm.
650 _aSHAKESPEARE, WILLIAM
942 _hO111,2J64:gx, L0
_cTEXL
_2cc
999 _c992163
_d992163